| 000 | 00275nam a22000857a 4500 | ||
|---|---|---|---|
| 999 |
_c24786 _d24786 |
||
| 003 | Nust | ||
| 005 | 20170407114515.0 | ||
| 008 | 150422b xxu||||| |||| 00| 0 eng d | ||
| 020 |
_a0750651334 _cAvailable |
||
| 040 |
_aDLC _bDLC _cRCMS |
||
| 082 | _a629.1323 ACK | ||
| 100 | _aJ A D Ackroyd | ||
| 245 | _aEarly Development of Modern Aerodynamics | ||
| 260 |
_aNew Delhi _bButterworth Heinemann _cc2001. |
||
| 300 |
_avi, 248 p. : _bill, ; _c26 cm. |
||
| 538 | _iShelf # 12, Row # 3, System Engineering. | ||
| 650 | _aSystem Engineering | ||
| 856 | _3Table of Contents Only. | ||
| 942 |
_2ddc _cBK _k629.1323 ACK |
||